Основные направления исследования свойств грунтов в инженерно-геологических лабораториях Сибири; Вопросы методики инженерно-геологических исследований; Сб. 1

Detalhes bibliográficos
Parent link:Вопросы методики инженерно-геологических исследований/ Томский политехнический институт (ТПИ) ; под ред. Ф. П. Нифантова.— , 1967
Сб. 1.— 1966.— С. 3-5
Autor principal: Нифантов Ф. П.
Idioma:russo
Publicado em: 1966
Assuntos:
Formato: Capítulo de Livro
KOHA link:https://koha.lib.tpu.ru/cgi-bin/koha/opac-detail.pl?biblionumber=176702

MARC

LEADER 00000naa2a2200000 4500
001 176702
005 20231031165353.0
035 |a (RuTPU)RU\TPU\book\191594 
035 |a RU\TPU\tpu\2535 
090 |a 176702 
100 |a 20100303d1966 k y0rusy50 ca 
101 0 |a rus 
102 |a RU 
200 1 |a Основные направления исследования свойств грунтов в инженерно-геологических лабораториях Сибири  |f Ф. П. Нифантов 
461 0 |0 (RuTPU)RU\TPU\book\191237  |t Вопросы методики инженерно-геологических исследований  |f Томский политехнический институт (ТПИ) ; под ред. Ф. П. Нифантова  |d 1967 
463 0 |0 (RuTPU)RU\TPU\book\191224  |t Сб. 1  |v С. 3-5  |d 1966  |p 51 с. 
610 1 |a геолого-географические науки 
610 1 |a труды учёных ТПУ 
700 1 |a Нифантов  |b Ф. П. 
801 0 |a RU  |b 63413507  |c 20011210  |g PSBO 
801 2 |a RU  |b 63413507  |c 20100303  |g PSBO 
942 |c BK